00785cam a22002417a 450000100060000000300080000600500170001400800390003103500190007004000270008904100080011608200200012410000320014424500910017626000580026730000270032550400200035265100350037265100470040783000160045470000220047083000510049224589BD-RjUL20211209001054.0140313s1937 enk a 001 0 eng a(BD-RjUL)24658 aDLCcDLCdBD-RjULbeng aeng00a915.4bMAI 19371 aMathews, Basil,d1879-1951.10aIndia reveals herself /cby Basil Mathews ; with the collaboration of Winifred Wilson. aLondon ;aNew York :bOxford University Press,c1937. aviii, 192 p. ;c18 cm. aIncludes index. 0aIndiaxDescription and travel. 0aIndiaxPolitics and governmenty1919-1947. 0vitem 10543.1 aWilson, Winifred. 0aSAMP early 20th-century Indian books project ;